000 00551nam a2200217Ia 4500
003 OSt
005 20221002054802.0
006 a|||||r|||| 00| 0
007 ta
008 220930b |||||||| |||| 00| 0 eng d
024 _a70506
037 _cReference Collections
040 _aCRL
_cCRL
_beng
041 _2eng
_aeng
082 _aNk, H6(RR)
100 _aRunes D.D Ed.
_9576273
245 0 _aEncyclopedia of the arts
260 _c1946
942 _hNk, H6(RR)
_cref
_2CC
999 _c925892
_d925892